Instalación de una Biblioteca en la escuela básica Pueblo nuevo / Haidee Del Orbe Peña, Ceferino Brito y Adriana R. Del Orbe G. Asesor : Antonio Rosario Gómez (Registro nro. 10985)

Detalles MARC
000 -LEADER
fixed length control field 00600nam a22001691a 4500
001 - CONTROL NUMBER
control field 10985
003 - CONTROL NUMBER IDENTIFIER
control field OSt
005 - DATE AND TIME OF LATEST TRANSACTION
control field 20260204212223.0
008 - FIXED-LENGTH DATA ELEMENTS--GENERAL INFORMATION
fixed length control field 100708s2008||||dr ||||||b||||||||||spa||
090 ## - LOCALLY ASSIGNED LC-TYPE CALL NUMBER (OCLC); LOCAL CALL NUMBER (RLIN)
Classification number (OCLC) (R) ; Classification number, CALL (RLIN) (NR) PGE-2007-024
100 ## - ASIENTO PRINCIPAL -- NOMBRE PERSONAL
Personal name Del Orbe Peña, Haidee
245 ## - TÍTULO PROPIAMENTE DICHO: SUBTÍTULO
Title Instalación de una Biblioteca en la escuela básica Pueblo nuevo / Haidee Del Orbe Peña, Ceferino Brito y Adriana R. Del Orbe G. Asesor : Antonio Rosario Gómez
264 ## - PRODUCTION, PUBLICATION, DISTRIBUTION, MANUFACTURE, AND COPYRIGHT NOTICE
Place of production, publication, distribution, manufacture Santo Domingo : EL Autor
502 ## - THESIS NOTE
Dissertation note Tesis (Post Gardo)
650 ## - ASIENTO SECUNDARIO DE MATERIA -- TERMINO TOPICO
Asiento secundario de materia Especialidad en Planificación y Gestión de Centros EducativosÌ
942 ## - ADDED ENTRY ELEMENTS (KOHA)
Source of classification or shelving scheme Dewey Decimal Classification
Koha item type Tesis
Existencias
Withdrawn status Lost status Source of classification or shelving scheme Damaged status Not for loan Current library Date acquired Total Checkouts Full call number Barcode Date last seen Price effective from Koha item type
    Dewey Decimal Classification     Biblioteca UTECO 09/09/2019   PGE-2007-024 PGE-2007-024 09/09/2019 09/09/2019 Tesis
© 2021 Derechos Reservados UTECO - Teléfono: +1 809-585-2291 - Correo electrónico: biblioteca@uteco.edu.do​  
Código postal 43000 ​​
Dirección: Avenida Universitaria No. 100, 
Cotuí, Provincia Sánchez Ramírez, República Dominicana - RNC: 404-00059-6